A változatosság kedvéért

Bibliographic Details
Main Author: Mizser, Attila, 1975-2025 (Author)
Format: Article
Language:Slovak
Hungarian

MARC

LEADER 00000nab a2200000ua 4500
001 vtls010758488
003 SK-MaSNL
005 20260518201327.0
008 250718s2004 xo |||||||||||||||||slo|
035 |a (urnnbn)urn:nbn:sk:snk:ar-0033y8 
035 |a (uuid)2cd8bd8d-1bc8-4fae-8fc3-018f4529b832 
035 |a urn:nbn:sk:snk-ab4xil 
040 |a SNKBUCL  |b slo  |c SNKBUCL  |e AACR2 
041 0 |a hun 
044 |a xo  |c SK 
100 1 |a Mizser, Attila,  |d 1975-2025  |4 aut  |9 189610 
245 1 0 |a A változatosság kedvéért  |c Mizser Attila 
773 0 |t Kalligram : művészet és gondolat  |g Č. 10 (2004), s. 29 
850 |a Slovenská národná knižnica 
852 |a Slovenská národná knižnica 
958 |a article3 
958 |a OND 
999 |c 3101400  |d 3103330